000 00521nam a2200181Ia 4500
999 _c29833
_d29833
003 OSt
005 20201214110125.0
008 190216s9999||||xx |||||||||||||| ||und||
020 _a9788126427284
040 _coclc
082 _a894.812
_bPOY/J
100 _aPoythumkadavu, Shihabuddin
_96426
245 0 _aJeevaparayantham /
_cShihabuddin Poythumkadavu
260 _bD C Books,
_c2010.
_aKottayam:
300 _a78p
650 _aOormakurip
942 _cBK
_2ddc
_h894.812
_iPOY/J
_k894.812
_mPOY/J